It looks like you're offline.
Open Library logo
additional options menu

MARC Record from Ithaca College Library

Record ID marc_ithaca_college/ic_marc.mrc:223117209:1475
Source Ithaca College Library
Download Link /show-records/marc_ithaca_college/ic_marc.mrc:223117209:1475?format=raw

LEADER: 01475cam a2200301Ia 4500
001 445100
005 20071106091753.0
008 070418s1998 nyu b 001 0 eng d
035 $a39956563
040 $aMTH$cMTH$dXDM$dNOH$dOCL$dOCLCQ$dWSL$dOCLCQ$dBTCTA
020 $a0374525641
020 $a9780374525644
043 $an-us-ca
090 $aRA418.5.T73$bF33 1998
049 $aXIMM
100 1 $aFadiman, Anne,$d1953-
245 14 $aThe spirit catches you and you fall down :$ba Hmong child, her American doctors, and the collision of two cultures /$cAnne Fadiman.
260 $aNew York :$bNoonday Press,$c1998.
300 $aix, 341, [7] p. ;$c21 cm.
500 $a"Reader's Guide": p. [343]-[348].
504 $aIncludes bibliographical references (p. [313]-326) and index.
505 0 $aBirth -- Fish soup -- The spirit catches you and you fall down -- Do doctors eat brains? -- Take as directed -- High-velocity transcortical lead therapy -- Government property -- Foua and Nao Kao -- A little medicine and a little Neeb -- War -- The big one -- Flight -- Code X -- The melting pot -- Gold and dross -- Why did they pick Merced? -- The eight questions -- The life or the soul -- The sacrifice.
650 0 $aTranscultural medical care$zCalifornia$vCase studies.
650 0 $aHmong American children$xMedical care$zCalifornia.
650 0 $aHmong Americans$xMedicine.
650 0 $aIntercultural communication.
650 0 $aEpilepsy in children.
994 $aC0$bXIM